[Event "41. Open Ciutat de Badalona 2015 - B"]
[Site "Badalona ESP"]
[Date "2015.08.04"]
[Round "3.1"]
[White "Garcia i Riera, Josep"]
[Black "Ramon Serrano, Fco. Javier"]
[Result "1/2-1/2"]
[WhiteElo "2085"]
[BlackElo "2163"]
[PlyCount "114"]
[EventDate "2015.08.02"]
[EventType "swiss"]
[EventRounds "9"]
[EventCountry "ESP"]
[SourceTitle "Ajedrez en Madrid"]
[Source "lmi"]
[SourceDate "2015.08.02"]
[SourceVersion "1"]
[SourceVersionDate "2018.07.18"]
[SourceQuality "1"]

1. d4 Nf6 2. c4 g6 3. Nc3 d5 4. Bf4 Bg7 5. e3 c5 6. dxc5 Qa5 7. Rc1 dxc4 8.
Bxc4 O-O 9. Nge2 Qxc5 10. Qb3 Qa5 11. O-O Nc6 12. Qb5 e5 13. Bg3 Nh5 14. Qxa5
Nxa5 15. Bd5 Nxg3 16. Nxg3 Bd7 17. Nge4 Bc6 18. Bxc6 Nxc6 19. Rfd1 Rad8 20. Kf1
Rxd1+ 21. Rxd1 Rd8 22. Rxd8+ Nxd8 23. Ke2 f5 24. Nd2 e4 25. f3 Bxc3 26. bxc3
exf3+ 27. Kxf3 Kf7 28. e4 fxe4+ 29. Nxe4 h6 30. h4 Ke6 31. g4 Kd5 32. Ke3 Kc4
33. Kd2 Nf7 34. g5 hxg5 35. hxg5 Kd5 36. Ke3 Ke5 37. c4 Kf5 38. Kd4 b6 39. a4
Nxg5 40. Nd6+ Kf4 41. Nc8 Ne6+ 42. Kd5 Nc5 43. a5 Na4 44. axb6 Nxb6+ 45. Nxb6
axb6 46. Kc6 g5 47. Kxb6 g4 48. c5 g3 49. c6 g2 50. c7 g1=Q+ 51. Kb7 Qb1+ 52.
Ka7 Qa2+ 53. Kb7 Qb3+ 54. Ka7 Qa4+ 55. Kb7 Qb5+ 56. Ka7 Qc6 57. Kb8 Qb6+
1/2-1/2

[Event "41. Open Ciutat de Badalona 2015 - B"]
[Site "Badalona ESP"]
[Date "2015.08.04"]
[Round "3.2"]
[White "Jover Font, Pau"]
[Black "Martinez Talavera, Jordi"]
[Result "1-0"]
[WhiteElo "2145"]
[BlackElo "2032"]
[PlyCount "93"]
[EventDate "2015.08.02"]
[EventType "swiss"]
[EventRounds "9"]
[EventCountry "ESP"]
[SourceTitle "Ajedrez en Madrid"]
[Source "lmi"]
[SourceDate "2015.08.02"]
[SourceVersion "1"]
[SourceVersionDate "2018.07.18"]
[SourceQuality "1"]

1. e4 e6 2. d4 d5 3. Nd2 c5 4. exd5 Qxd5 5. Ngf3 cxd4 6. Bc4 Qd6 7. O-O a6 8.
Ne4 Qc7 9. Bb3 Be7 10. Nxd4 Nf6 11. Re1 Nc6 12. Nxc6 Qxc6 13. Qf3 Nxe4 14. Qxe4
Qxe4 15. Rxe4 Bd7 16. a3 g5 17. Be3 Bc6 18. Rd4 Bf6 19. Rd2 Rd8 20. Rxd8+ Bxd8
21. Rd1 O-O 22. f3 Be7 23. Bb6 Rc8 24. Kf2 h5 25. Ke3 Kf8 26. g3 Ke8 27. f4 g4
28. Kd3 Bd7 29. Re1 Bd6 30. Bd4 Ke7 31. f5 e5 32. Bxe5 Bxf5+ 33. Kd2 Bxe5 34.
Rxe5+ Kf6 35. Rd5 Rc7 36. a4 Rd7 37. Rxd7 Bxd7 38. a5 Bc6 39. Ke3 Bh1 40. Kd4
Bf3 41. Bd5 Bxd5 42. Kxd5 Ke7 43. Ke5 f6+ 44. Kf5 Kd6 45. Kxf6 Kc5 46. Kg5 Kb4
47. Kxh5 1-0

[Event "41. Open Ciutat de Badalona 2015 - B"]
[Site "Badalona ESP"]
[Date "2015.08.04"]
[Round "3.3"]
[White "Fernandez Martin, Javier"]
[Black "Martin Sanchez, Enric"]
[Result "1/2-1/2"]
[WhiteElo "2059"]
[BlackElo "2113"]
[PlyCount "51"]
[EventDate "2015.08.02"]
[EventType "swiss"]
[EventRounds "9"]
[EventCountry "ESP"]
[SourceTitle "Ajedrez en Madrid"]
[Source "lmi"]
[SourceDate "2015.08.02"]
[SourceVersion "1"]
[SourceVersionDate "2018.07.18"]
[SourceQuality "1"]

1. e4 c5 2. Nf3 d6 3. d4 cxd4 4. Nxd4 Nf6 5. Nc3 e6 6. Be3 Nc6 7. f3 Be7 8. Qd2
O-O 9. g4 d5 10. g5 Nd7 11. exd5 Nxd4 12. Qxd4 Bc5 13. Qd2 Bxe3 14. Qxe3 exd5
15. O-O-O Re8 16. Qd2 d4 17. Qxd4 Qxg5+ 18. Kb1 Nf8 19. Rg1 Qh6 20. Ne4 Ng6 21.
Bb5 Rf8 22. Bc4 Qf4 23. Ng5 Qxd4 24. Rxd4 Bf5 25. h4 Ne5 26. Be2 1/2-1/2

[Event "41. Open Ciutat de Badalona 2015 - B"]
[Site "Badalona ESP"]
[Date "2015.08.04"]
[Round "3.4"]
[White "Masferrer Niubo, Enric"]
[Black "Flores Liñan, Josep Luis"]
[Result "1-0"]
[WhiteElo "2155"]
[BlackElo "2021"]
[PlyCount "59"]
[EventDate "2015.08.02"]
[EventType "swiss"]
[EventRounds "9"]
[EventCountry "ESP"]
[SourceTitle "Ajedrez en Madrid"]
[Source "lmi"]
[SourceDate "2015.08.02"]
[SourceVersion "1"]
[SourceVersionDate "2018.07.18"]
[SourceQuality "1"]

1. e4 c5 2. Nf3 d6 3. d4 cxd4 4. Nxd4 g6 5. Nc3 Bg7 6. Be3 Nc6 7. Qd2 Nf6 8. f3
h5 9. O-O-O Bd7 10. h3 Rc8 11. Kb1 Ne5 12. f4 Nc6 13. Nf3 Qa5 14. Nd4 a6 15.
Nb3 Qc7 16. Nd5 Nxd5 17. exd5 Nb4 18. Rc1 a5 19. a3 a4 20. Qxb4 axb3 21. cxb3
Qb8 22. Bb5 Bxb5 23. Qxb5+ Kf8 24. Bb6 Bf6 25. Qd7 Kg7 26. g4 hxg4 27. hxg4
Rxc1+ 28. Rxc1 Rh2 29. Rc8 Rh1+ 30. Kc2 1-0

[Event "41. Open Ciutat de Badalona 2015 - B"]
[Site "Badalona ESP"]
[Date "2015.08.04"]
[Round "3.5"]
[White "Palacios Peña, Gerardo"]
[Black "Fernandez Egea, Andres"]
[Result "1/2-1/2"]
[WhiteElo "2152"]
[BlackElo "2013"]
[PlyCount "124"]
[EventDate "2015.08.02"]
[EventType "swiss"]
[EventRounds "9"]
[EventCountry "ESP"]
[SourceTitle "Ajedrez en Madrid"]
[Source "lmi"]
[SourceDate "2015.08.02"]
[SourceVersion "1"]
[SourceVersionDate "2018.07.18"]
[SourceQuality "1"]

1. d4 Nf6 2. Nf3 g6 3. Bf4 d6 4. e3 Bg7 5. Bc4 Nbd7 6. h3 c5 7. c3 O-O 8. Nbd2
a6 9. a4 d5 10. Be2 Nh5 11. Bh2 c4 12. Ne5 Nhf6 13. Bf3 Nxe5 14. Bxe5 Be6 15.
O-O Qd7 16. Re1 b5 17. e4 Bh6 18. Bxf6 exf6 19. exd5 Bxd5 20. Bxd5 Qxd5 21. Ne4
Kg7 22. Nc5 Bf4 23. Qg4 Bd6 24. Qe4 Qxe4 25. Nxe4 Bf4 26. g3 Bc7 27. Nd2 Rfe8
28. Kf1 f5 29. Nf3 Rad8 30. axb5 axb5 31. Ra7 Rxe1+ 32. Kxe1 Bb6 33. Rb7 Rd6
34. Ne5 Re6 35. Rxf7+ Kg8 36. Rb7 b4 37. Kd2 bxc3+ 38. bxc3 Bd8 39. Nxc4 h6 40.
Ne3 Ba5 41. Kd3 Rc6 42. c4 Be1 43. Rb2 Kf7 44. d5 Ra6 45. Nc2 Bxf2 46. Nd4 Ra3+
47. Rb3 Rxb3+ 48. Nxb3 Bxg3 49. c5 Ke7 50. Nd4 Kd7 51. Kc4 Be5 52. c6+ Kc7 53.
Nb5+ Kb6 54. Nd4 Kc7 55. Ne6+ Kb6 56. Kd3 g5 57. Ke3 g4 58. h4 g3 59. Kf3 f4
60. h5 Bd6 61. Ng7 Kc5 62. Ne6+ Kb6 1/2-1/2

[Event "41. Open Ciutat de Badalona 2015 - B"]
[Site "Badalona ESP"]
[Date "2015.08.04"]
[Round "3.6"]
[White "Reginaldo Huix, Pere"]
[Black "Castrillo Mansego, Pablo"]
[Result "1/2-1/2"]
[WhiteElo "2046"]
[BlackElo "2139"]
[PlyCount "29"]
[EventDate "2015.08.02"]
[EventType "swiss"]
[EventRounds "9"]
[EventCountry "ESP"]
[SourceTitle "Ajedrez en Madrid"]
[Source "lmi"]
[SourceDate "2015.08.02"]
[SourceVersion "1"]
[SourceVersionDate "2018.07.18"]
[SourceQuality "1"]

1. d4 g6 2. e3 Bg7 3. Bd3 Nf6 4. f4 d6 5. Nf3 Nbd7 6. O-O O-O 7. Nbd2 e5 8. f5
b6 9. fxg6 fxg6 10. c3 d5 11. e4 Bb7 12. Nxe5 Nxe5 13. dxe5 Nxe4 14. Nxe4 dxe4
15. Bc4+ 1/2-1/2

[Event "41. Open Ciutat de Badalona 2015 - B"]
[Site "Badalona ESP"]
[Date "2015.08.04"]
[Round "3.7"]
[White "Lorente Muñoz, Raul"]
[Black "Norte Garcia, Andrea"]
[Result "1/2-1/2"]
[WhiteElo "2041"]
[BlackElo "2118"]
[PlyCount "92"]
[EventDate "2015.08.02"]
[EventType "swiss"]
[EventRounds "9"]
[EventCountry "ESP"]
[SourceTitle "Ajedrez en Madrid"]
[Source "lmi"]
[SourceDate "2015.08.02"]
[SourceVersion "1"]
[SourceVersionDate "2018.07.18"]
[SourceQuality "1"]

1. d4 Nf6 2. c4 g6 3. Nc3 Bg7 4. Nf3 O-O 5. Bg5 d6 6. g3 Nc6 7. Bg2 h6 8. Bf4
Nh5 9. Bc1 e5 10. dxe5 dxe5 11. Qxd8 Nxd8 12. Nd5 c6 13. Ne7+ Kh7 14. Nxc8 Rxc8
15. e4 Ne6 16. Be3 Nd4 17. O-O-O c5 18. Nd2 Bf6 19. Nb1 Bg5 20. Rhe1 Rfd8 21.
Nc3 b6 22. Rf1 f5 23. f4 Bf6 24. Nd5 exf4 25. gxf4 fxe4 26. Bxe4 Re8 27. Bd3
Nf5 28. Bd2 Bd4 29. Rde1 Nf6 30. Bxf5 gxf5 31. Ne7 Rcd8 32. Nxf5 Bxb2+ 33. Kc2
Ne4 34. Re2 Rxd2+ 35. Rxd2 Nxd2 36. Kxd2 Kg6 37. Ne3 Rd8+ 38. Kc2 Bd4 39. Nd5
Re8 40. f5+ Kf7 41. Kd3 Re5 42. a4 h5 43. Kd2 Bb2 44. Kd3 Bd4 45. Kd2 Bb2 46.
Kd3 Bd4 1/2-1/2

[Event "41. Open Ciutat de Badalona 2015 - B"]
[Site "Badalona ESP"]
[Date "2015.08.04"]
[Round "3.8"]
[White "Castejon Ch, Diego"]
[Black "Riu Lopez, Sergi"]
[Result "1-0"]
[WhiteElo "2116"]
[BlackElo "2069"]
[PlyCount "67"]
[EventDate "2015.08.02"]
[EventType "swiss"]
[EventRounds "9"]
[EventCountry "ESP"]
[SourceTitle "Ajedrez en Madrid"]
[Source "lmi"]
[SourceDate "2015.08.02"]
[SourceVersion "1"]
[SourceVersionDate "2018.07.18"]
[SourceQuality "1"]

1. c4 e5 2. Nc3 d6 3. g3 g6 4. Bg2 Bg7 5. e3 Ne7 6. Nge2 c5 7. O-O Nbc6 8. a3
Rb8 9. Rb1 O-O 10. b4 cxb4 11. axb4 a6 12. b5 axb5 13. Rxb5 Bd7 14. Rb1 f5 15.
d3 Be6 16. Ba3 e4 17. Nd5 Bxd5 18. cxd5 exd3 19. Nf4 Ne5 20. Ne6 Qd7 21. Nxf8
Rxf8 22. f4 Nc4 23. Qxd3 b5 24. Bb4 Rc8 25. Kh1 Ra8 26. e4 fxe4 27. Bxe4 Ra2
28. Rfe1 Nc8 29. f5 gxf5 30. Bxf5 Qa7 31. Be6+ Kh8 32. Re2 Ne5 33. Qxb5 Rxe2
34. Qe8+ 1-0

[Event "41. Open Ciutat de Badalona 2015 - B"]
[Site "Badalona ESP"]
[Date "2015.08.04"]
[Round "3.9"]
[White "Garcia Clemente, Julian Francisco"]
[Black "Cano Sevila, Ivan"]
[Result "0-1"]
[WhiteElo "2031"]
[BlackElo "2099"]
[PlyCount "98"]
[EventDate "2015.08.02"]
[EventType "swiss"]
[EventRounds "9"]
[EventCountry "ESP"]
[SourceTitle "Ajedrez en Madrid"]
[Source "lmi"]
[SourceDate "2015.08.02"]
[SourceVersion "1"]
[SourceVersionDate "2018.07.18"]
[SourceQuality "1"]

1. c4 Nf6 2. Nf3 e6 3. g3 b6 4. Bg2 Bb7 5. Nc3 Be7 6. O-O O-O 7. d4 d5 8. cxd5
Nxd5 9. Bd2 c5 10. Nxd5 Bxd5 11. dxc5 Bxc5 12. Bc3 Nd7 13. e3 Nf6 14. b3 Rc8
15. Bb2 Be4 16. Qxd8 Rfxd8 17. Bxf6 gxf6 18. Rad1 Ba3 19. Rxd8+ Rxd8 20. Nd4
Bb2 21. Re1 Bxg2 22. Kxg2 Bxd4 23. exd4 Rxd4 24. Re2 Kg7 25. Rc2 Rd7 26. Rc4 f5
27. Kf3 Kg6 28. Ke3 e5 29. f3 f6 30. a4 Kg5 31. h4+ Kh5 32. b4 h6 33. b5 Rd4
34. Rxd4 exd4+ 35. Kxd4 f4 36. g4+ Kxh4 37. Kd5 Kg3 38. Ke4 Kg2 39. Kxf4 Kf2
40. Ke4 Ke2 41. f4 Kf2 42. Kd5 Kf3 43. Kc6 Kxg4 44. Kb7 h5 45. Kxa7 h4 46. Kxb6
h3 47. Ka7 h2 48. b6 h1=Q 49. b7 Qa1 0-1

[Event "41. Open Ciutat de Badalona 2015 - B"]
[Site "Badalona ESP"]
[Date "2015.08.04"]
[Round "3.10"]
[White "Rojas Fernandez, Andres"]
[Black "Martinez Perez, Pablo"]
[Result "1/2-1/2"]
[WhiteElo "2092"]
[BlackElo "2009"]
[PlyCount "140"]
[EventDate "2015.08.02"]
[EventType "swiss"]
[EventRounds "9"]
[EventCountry "ESP"]
[SourceTitle "Ajedrez en Madrid"]
[Source "lmi"]
[SourceDate "2015.08.02"]
[SourceVersion "1"]
[SourceVersionDate "2018.07.18"]
[SourceQuality "1"]

1. e4 c5 2. Nc3 Nc6 3. g3 g6 4. Bg2 Bg7 5. d3 d6 6. Nge2 Nh6 7. Nd5 e6 8. Ne3
O-O 9. O-O f5 10. f4 Bd7 11. c3 e5 12. exf5 Nxf5 13. Qb3+ Kh8 14. Nxf5 Bxf5 15.
Qxb7 Bxd3 16. Re1 Na5 17. Qxa8 Qxa8 18. Bxa8 Rxa8 19. fxe5 dxe5 20. b3 e4 21.
Bb2 c4 22. b4 Nc6 23. Nf4 Nxb4 24. Rad1 Nxa2 25. Nd5 Rd8 26. Ra1 Rxd5 27. Rxa2
a5 28. Rea1 Rb5 29. Rxa5 Rxb2 30. Ra8+ Bf8 31. Rxf8+ Kg7 32. Rf2 Rb3 33. Rc1 e3
34. Rf3 e2 35. Kf2 Rb5 36. h4 Rb2 37. Rf4 Rd2 38. Ke1 Ra2 39. Kf2 Kh6 40. Ke1
Ra5 41. Kf2 Rb5 42. Re1 Rb2 43. Rc1 Ra2 44. Ke1 g5 45. hxg5+ Kxg5 46. Kf2 Ra6
47. Ke3 Re6+ 48. Kd2 Rd6 49. Rf2 Kg4 50. Rg1 Rc6 51. Rf4+ Kg5 52. Rd4 Re6 53.
Ra1 Re5 54. Re1 h5 55. Rxd3 cxd3 56. Kxd3 Kg4 57. Rxe2 Rd5+ 58. Ke4 Rd8 59. c4
Kxg3 60. c5 h4 61. Rc2 h3 62. c6 h2 63. Rc1 Kf2 64. Ke5 Re8+ 65. Kd6 Rd8+ 66.
Ke7 Rg8 67. c7 Rg7+ 68. Kd6 Rg6+ 69. Kd7 Rg7+ 70. Kd6 Rg8 1/2-1/2

[Event "41. Open Ciutat de Badalona 2015 - B"]
[Site "Badalona ESP"]
[Date "2015.08.05"]
[Round "4.1"]
[White "Ramon Serrano, Fco. Javier"]
[Black "Jover Font, Pau"]
[Result "1/2-1/2"]
[WhiteElo "2163"]
[BlackElo "2145"]
[PlyCount "87"]
[EventDate "2015.08.02"]
[EventType "swiss"]
[EventRounds "9"]
[EventCountry "ESP"]
[SourceTitle "Ajedrez en Madrid"]
[Source "lmi"]
[SourceDate "2015.08.02"]
[SourceVersion "1"]
[SourceVersionDate "2018.07.18"]
[SourceQuality "1"]

1. d4 d5 2. Nf3 e6 3. Bf4 c5 4. e3 Nc6 5. c3 Nf6 6. Be2 Be7 7. h3 O-O 8. O-O b6
9. Nbd2 Bb7 10. Ne5 Nxe5 11. Bxe5 Ne4 12. Nxe4 dxe4 13. dxc5 Bxc5 14. Qxd8
Rfxd8 15. Rad1 f6 16. Bg3 e5 17. Rxd8+ Rxd8 18. Rd1 Rxd1+ 19. Bxd1 Bd5 20. b3
Kf7 21. Kf1 Ke6 22. Ke2 Bc6 23. f3 Bb5+ 24. c4 exf3+ 25. gxf3 Bd7 26. Bc2 h6
27. Be4 Ba3 28. f4 Bb2 29. f5+ Kd6 30. Bc2 Kc5 31. Be1 a5 32. e4 Bc6 33. Kd3
Be8 34. Bd1 Ba3 35. Bf2+ Kc6 36. Be1 Bb4 37. Bf2 b5 38. cxb5+ Kxb5 39. Kc2 Bc5
40. Be2+ Kb6 41. Bxc5+ Kxc5 42. Kc3 Bc6 43. Bd3 Be8 44. Be2 1/2-1/2

[Event "41. Open Ciutat de Badalona 2015 - B"]
[Site "Badalona ESP"]
[Date "2015.08.05"]
[Round "4.2"]
[White "Cano Sevila, Ivan"]
[Black "Masferrer Niubo, Enric"]
[Result "1/2-1/2"]
[WhiteElo "2099"]
[BlackElo "2155"]
[PlyCount "124"]
[EventDate "2015.08.02"]
[EventType "swiss"]
[EventRounds "9"]
[EventCountry "ESP"]
[SourceTitle "Ajedrez en Madrid"]
[Source "lmi"]
[SourceDate "2015.08.02"]
[SourceVersion "1"]
[SourceVersionDate "2018.07.18"]
[SourceQuality "1"]

1. b3 Nf6 2. Bb2 g6 3. Bxf6 exf6 4. d4 f5 5. e3 Bg7 6. g3 d6 7. Bg2 Nd7 8. Ne2
Nf6 9. O-O O-O 10. c4 Re8 11. Nbc3 c6 12. Qd3 Qe7 13. b4 h5 14. a4 h4 15. b5
hxg3 16. hxg3 Bd7 17. a5 Ne4 18. a6 b6 19. bxc6 Bxc6 20. Nf4 Rac8 21. Nfd5 Qe6
22. Rfe1 g5 23. Reb1 g4 24. Nf4 Qe7 25. Ncd5 Bxd5 26. Nxd5 Qe6 27. Nf4 Qe7 28.
Rb5 Qf6 29. Bxe4 Rxe4 30. Kg2 Bh6 31. Nd5 Qe6 32. Rh1 Kg7 33. Nc3 Rxc4 34. Nxe4
fxe4 35. Qe2 d5 36. Rh5 f5 37. Rb1 Kg6 38. Rbh1 Bg7 39. R5h4 Qc6 40. Rb1 Qa4
41. Qb2 Qxa6 42. Qb5 Qb7 43. Qe8+ Qf7 44. Qxf7+ Kxf7 45. Rb5 Ke6 46. Rh5 Rc6
47. Rh1 a6 48. Rb2 Bf6 49. Ra1 a5 50. Kf1 Be7 51. Ke2 Kf6 52. Rh1 Ke6 53. Rh6+
Kd7 54. Rxb6 Rxb6 55. Rxb6 a4 56. Kd2 Bd6 57. Kc2 Kc7 58. Ra6 a3 59. Kb3 Be7
60. Rxa3 Bxa3 61. Kxa3 Kb7 62. Ka4 Ka6 1/2-1/2

[Event "41. Open Ciutat de Badalona 2015 - B"]
[Site "Badalona ESP"]
[Date "2015.08.05"]
[Round "4.3"]
[White "Castejon Ch, Diego"]
[Black "Garcia i Riera, Josep"]
[Result "1/2-1/2"]
[WhiteElo "2116"]
[BlackElo "2085"]
[PlyCount "122"]
[EventDate "2015.08.02"]
[EventType "swiss"]
[EventRounds "9"]
[EventCountry "ESP"]
[SourceTitle "Ajedrez en Madrid"]
[Source "lmi"]
[SourceDate "2015.08.02"]
[SourceVersion "1"]
[SourceVersionDate "2018.07.18"]
[SourceQuality "1"]

1. e4 Nf6 2. Nc3 d5 3. exd5 Nxd5 4. Bc4 Nb6 5. Bb3 Nc6 6. Nge2 Bf5 7. d4 e6 8.
Be3 Be7 9. Qd2 Na5 10. Ng3 Bg6 11. Qe2 Nxb3 12. axb3 O-O 13. O-O Nd5 14. Nxd5
exd5 15. Nh5 a6 16. Nf4 Qd7 17. Nxg6 fxg6 18. Rae1 Rae8 19. Qd2 Bd6 20. Bg5 Qf5
21. Bh4 Rxe1 22. Rxe1 Qf4 23. Qxf4 Rxf4 24. g3 Rxd4 25. Be7 Rd2 26. Bxd6 cxd6
27. Rc1 Kf7 28. Kf1 Rd4 29. Ke2 g5 30. f3 Rb4 31. Kd3 a5 32. Ra1 b6 33. Kc3 g4
34. Rf1 gxf3 35. Rxf3+ Ke7 36. Rf5 Ke6 37. Rf8 h5 38. Re8+ Kf5 39. Rd8 h4 40.
Rxd6 hxg3 41. hxg3 Rg4 42. Rxd5+ Ke6 43. Rd3 b5 44. Kd2 Ke5 45. Ke2 a4 46. bxa4
bxa4 47. Ra3 Rb4 48. b3 axb3 49. Rxb3 Rg4 50. Rc3 Kd4 51. Ra3 Ke5 52. Rf3 Kd5
53. c3 Ke5 54. Kd3 Kd5 55. Re3 Kc5 56. Ke2 Kd5 57. Kf3 Rc4 58. g4 Kd6 59. Kg3
g5 60. Rf3 Ke6 61. Kg2 Rxg4+ 1/2-1/2

[Event "41. Open Ciutat de Badalona 2015 - B"]
[Site "Badalona ESP"]
[Date "2015.08.05"]
[Round "4.4"]
[White "Martin Sanchez, Enric"]
[Black "Petit Montes, Marc"]
[Result "0-1"]
[WhiteElo "2113"]
[BlackElo "2083"]
[PlyCount "42"]
[EventDate "2015.08.02"]
[EventType "swiss"]
[EventRounds "9"]
[EventCountry "ESP"]
[SourceTitle "Ajedrez en Madrid"]
[Source "lmi"]
[SourceDate "2015.08.02"]
[SourceVersion "1"]
[SourceVersionDate "2018.07.18"]
[SourceQuality "1"]

1. e4 c6 2. Nf3 d5 3. Nc3 Bg4 4. exd5 cxd5 5. h3 Bxf3 6. Qxf3 e6 7. Bb5+ Nc6 8.
O-O Bd6 9. Re1 Nge7 10. d3 O-O 11. Bxc6 Nxc6 12. Nb5 Qa5 13. Nxd6 Qxe1+ 14. Kh2
Qb4 15. Qg3 Rad8 16. Bf4 Qxb2 17. Rc1 Rxd6 18. Bxd6 Qxc1 19. Bxf8 Kxf8 20. Qd6+
Kg8 21. Qc7 g6 0-1

[Event "41. Open Ciutat de Badalona 2015 - B"]
[Site "Badalona ESP"]
[Date "2015.08.05"]
[Round "4.5"]
[White "Castrillo Mansego, Pablo"]
[Black "Fernandez Martin, Javier"]
[Result "0-1"]
[WhiteElo "2139"]
[BlackElo "2059"]
[PlyCount "92"]
[EventDate "2015.08.02"]
[EventType "swiss"]
[EventRounds "9"]
[EventCountry "ESP"]
[SourceTitle "Ajedrez en Madrid"]
[Source "lmi"]
[SourceDate "2015.08.02"]
[SourceVersion "1"]
[SourceVersionDate "2018.07.18"]
[SourceQuality "1"]

1. e4 d5 2. exd5 Qxd5 3. Nc3 Qd6 4. d4 Nf6 5. Bc4 a6 6. a4 Bg4 7. Qd3 Nc6 8.
Be3 e6 9. Nge2 Nb4 10. Qd2 Qc6 11. Bb3 Qxg2 12. O-O-O O-O-O 13. d5 Bxe2 14.
Nxe2 Nbxd5 15. Qd4 c5 16. Qc4 Qe4 17. Bd4 Bd6 18. f3 Qh4 19. Rhg1 Kb8 20. Bxc5
Qxc4 21. Bxd6+ Rxd6 22. Bxc4 g6 23. Rd3 Rhd8 24. Rgd1 Kc7 25. Nd4 Ne3 26. Rxe3
Rxd4 27. Red3 Rxd3 28. Bxd3 Nd5 29. Be4 f5 30. Bxd5 Rxd5 31. Re1 Kd6 32. Re3 e5
33. c3 a5 34. Kc2 g5 35. Re2 h5 36. Rg2 g4 37. fxg4 hxg4 38. h3 gxh3 39. Rg6+
Kc5 40. Rh6 e4 41. Rxh3 Kd6 42. c4 Rd4 43. Kc3 Rd3+ 44. Rxd3+ exd3 45. Kxd3 Kc5
46. b3 b6 0-1

[Event "41. Open Ciutat de Badalona 2015 - B"]
[Site "Badalona ESP"]
[Date "2015.08.05"]
[Round "4.7"]
[White "Beaskoa Estany, Gabriel"]
[Black "Reginaldo Huix, Pere"]
[Result "1-0"]
[WhiteElo "2154"]
[BlackElo "2046"]
[PlyCount "45"]
[EventDate "2015.08.02"]
[EventType "swiss"]
[EventRounds "9"]
[EventCountry "ESP"]
[SourceTitle "Ajedrez en Madrid"]
[Source "lmi"]
[SourceDate "2015.08.02"]
[SourceVersion "1"]
[SourceVersionDate "2018.07.18"]
[SourceQuality "1"]

1. e4 e6 2. d4 f5 3. exf5 exf5 4. Bd3 d5 5. Nf3 Nf6 6. O-O Bd6 7. c4 c6 8. Re1+
Ne4 9. Nc3 O-O 10. Qb3 Nxc3 11. bxc3 Be7 12. cxd5 cxd5 13. Rxe7 Qxe7 14. Ba3
Qf7 15. Ne5 Qc7 16. Bxf8 Kxf8 17. c4 dxc4 18. Bxc4 Qb6 19. Qa3+ Ke8 20. Bf7+
Kd8 21. Qf8+ Kc7 22. Qe7+ Nd7 23. Rc1+ 1-0

[Event "41. Open Ciutat de Badalona 2015 - B"]
[Site "Badalona ESP"]
[Date "2015.08.05"]
[Round "4.8"]
[White "Martinez Talavera, Jordi"]
[Black "Palacios Peña, Gerardo"]
[Result "1/2-1/2"]
[WhiteElo "2032"]
[BlackElo "2152"]
[PlyCount "99"]
[EventDate "2015.08.02"]
[EventType "swiss"]
[EventRounds "9"]
[EventCountry "ESP"]
[SourceTitle "Ajedrez en Madrid"]
[Source "lmi"]
[SourceDate "2015.08.02"]
[SourceVersion "1"]
[SourceVersionDate "2018.07.18"]
[SourceQuality "1"]

1. d4 d5 2. Nf3 c6 3. c3 Bf5 4. Bf4 Nd7 5. Nbd2 Ngf6 6. h3 h6 7. e3 Qb6 8. Qb3
e6 9. Ne5 Nxe5 10. Bxe5 Be7 11. Be2 O-O 12. O-O Rfe8 13. g4 Bh7 14. Bg3 c5 15.
f4 Bd6 16. Qxb6 axb6 17. Kg2 Ne4 18. Nxe4 Bxe4+ 19. Bf3 Bd3 20. Rf2 f5 21. g5
Kf7 22. h4 Rh8 23. a3 h5 24. Rd2 Be4 25. Bxe4 fxe4 26. Rf1 Ke7 27. f5 Bxg3 28.
Kxg3 Rhf8 29. Rdf2 exf5 30. Rxf5 Rxf5 31. Rxf5 Ke6 32. Kf4 cxd4 33. cxd4 Rc8
34. g6 Rc2 35. Re5+ Kd6 36. Rxh5 Rf2+ 37. Kg3 Rf6 38. Rg5 Rf3+ 39. Kg2 Rxe3 40.
h5 Re2+ 41. Kg3 Re3+ 42. Kg4 Re1 43. Kg3 Rg1+ 44. Kf4 Rh1 45. Ke3 Rh3+ 46. Ke2
Rh2+ 47. Ke3 b5 48. b3 Rh3+ 49. Ke2 Rh2+ 50. Ke3 1/2-1/2

[Event "41. Open Ciutat de Badalona 2015 - B"]
[Site "Badalona ESP"]
[Date "2015.08.05"]
[Round "4.9"]
[White "Flores Liñan, Josep Luis"]
[Black "Magallanes, Gustavo Javier"]
[Result "1/2-1/2"]
[WhiteElo "2021"]
[BlackElo "2146"]
[PlyCount "148"]
[EventDate "2015.08.02"]
[EventType "swiss"]
[EventRounds "9"]
[EventCountry "ESP"]
[SourceTitle "Ajedrez en Madrid"]
[Source "lmi"]
[SourceDate "2015.08.02"]
[SourceVersion "1"]
[SourceVersionDate "2018.07.18"]
[SourceQuality "1"]

1. d4 Nf6 2. c4 c5 3. d5 b5 4. cxb5 a6 5. b6 g6 6. Nc3 Bg7 7. e4 d6 8. Nf3 O-O
9. Be2 Qxb6 10. O-O Bb7 11. Nd2 Qc7 12. Nc4 Nbd7 13. a4 Nb6 14. Na3 e6 15. a5
Nbd7 16. Nc4 exd5 17. exd5 Rab8 18. Bf4 Ne5 19. Bxe5 dxe5 20. Bf3 e4 21. Bxe4
Nxe4 22. Nxe4 Qf4 23. Ned6 Bd4 24. g3 Qf6 25. Nxb7 Rxb7 26. Nb6 Bxb2 27. Ra2
Bc3 28. Qa4 Qd6 29. Re2 Bb4 30. Rd1 Re7 31. Rxe7 Qxe7 32. d6 Qe2 33. Nd5 Bxa5
34. Nf6+ Kg7 35. Nd7 Rd8 36. Qa1+ Kh6 37. Qc1+ Kg7 38. Qa1+ Kh6 39. Qc1+ Kg7
40. Nxc5 Bb6 41. Re1 Qf3 42. Qb2+ Qf6 43. Qxb6 Rxd6 44. Qb4 Rb6 45. Qa3 Rb2 46.
Qe3 Rc2 47. Nd7 Qb2 48. Qe5+ Qxe5 49. Rxe5 Rc7 50. Rd5 a5 51. Nb6 Rb7 52. Na4
Ra7 53. h4 Kf6 54. Kg2 Ke6 55. Rc5 Kd6 56. Kf3 f6 57. g4 Ke6 58. Ke4 Kd6 59. f4
Re7+ 60. Kd4 Ra7 61. Rd5+ Kc6 62. f5 Rb7 63. Rc5+ Kd6 64. fxg6 hxg6 65. Rc4 Rh7
66. h5 gxh5 67. gxh5 Rxh5 68. Kd3 Rh3+ 69. Ke2 Rg3 70. Nb6 f5 71. Rf4 Rb3 72.
Nc4+ Kd5 73. Rxf5+ Kxc4 74. Rxa5 Rb2+ 1/2-1/2

[Event "41. Open Ciutat de Badalona 2015 - B"]
[Site "Badalona ESP"]
[Date "2015.08.05"]
[Round "4.10"]
[White "Fernandez Egea, Andres"]
[Black "Cervello Tost, Roger"]
[Result "0-1"]
[WhiteElo "2013"]
[BlackElo "2132"]
[PlyCount "66"]
[EventDate "2015.08.02"]
[EventType "swiss"]
[EventRounds "9"]
[EventCountry "ESP"]
[SourceTitle "Ajedrez en Madrid"]
[Source "lmi"]
[SourceDate "2015.08.02"]
[SourceVersion "1"]
[SourceVersionDate "2018.07.18"]
[SourceQuality "1"]

1. e4 e5 2. Nf3 Nc6 3. Bc4 Nf6 4. Nc3 Bc5 5. O-O d6 6. h3 Be6 7. Be2 a6 8. d3
Ba7 9. Be3 Nd4 10. Bxd4 exd4 11. Nb1 Nd7 12. Nbd2 O-O 13. Nh2 f5 14. exf5 Bxf5
15. Bg4 Bg6 16. Be6+ Kh8 17. f4 Nf6 18. f5 Bf7 19. Qf3 c6 20. Rae1 Nd5 21. Bxd5
Bxd5 22. Ne4 Qd7 23. Qh5 Rae8 24. Rf4 g6 25. fxg6 Rxf4 26. g7+ Kg8 27. Nf6+
Rxf6 28. Rxe8+ Kxg7 29. Qg5+ Rg6 30. Re7+ Kg8 31. Qh4 Rxg2+ 32. Kf1 Qf5+ 33.
Ke1 Rxh2 0-1